Statistics for Countries that borders Brazil by their official names.

Click here to take the quiz!

General Stats

  • This quiz has been taken 5 times
  • The average score is 9 of 10

Answer Stats

Country% Correct
Argentine Republic
100%
Bolivarian Republic of Venezuela
100%
French Republic
100%
Oriental Republic of Uruguay
100%
Republic of Colombia
100%
Republic of Paraguay
100%
Republic of Peru
100%
Republic of Suriname
100%
Plurinational State of Bolivia
80%
Co‑operative Republic of Guyana
60%

Score Distribution

Percentile by Number Answered

Percent of People with Each Score

Your Score History

You have not taken this quiz